| 000 | 01087cam a2200301 a 4500 | ||
|---|---|---|---|
| 999 |
_c20433 _d20433 |
||
| 001 | 530517 | ||
| 003 | OSt | ||
| 005 | 20200608094606.0 | ||
| 008 | 870102s1986 ii b 001 0 eng | ||
| 010 | _a 86903228 | ||
| 020 |
_a8170350271 : _cRs150.00 |
||
| 025 | _aI E 53363 | ||
| 040 |
_aDLC _coclc _dDLC |
||
| 043 | _aa-ii--- | ||
| 050 | 0 | 0 |
_aHX395.M34 _bK83 1986 |
| 082 | 0 | 0 |
_a322.20954792 _219 _bKUD/I |
| 100 |
_aKude, U L _q(Uttam Laxmanrao), _d1944- _92596 |
||
| 245 | 1 | 0 |
_aImpact of Communism on the working class and peasantry : _ba case study of Maharashtra / _cU.L. Kude. |
| 260 |
_aDelhi : _bDaya Pub. House, _c1986. |
||
| 300 |
_a202 p. ; _c23 cm. |
||
| 500 | _aOriginally presented as the author's thesis (Ph. D.--Marathwada University) | ||
| 500 | _aIncludes index. | ||
| 504 | _aBibliography: p. [185]-195. | ||
| 650 | 0 |
_aPeasants _zIndia _zMaharashtra _xHistory. |
|
| 650 | 0 |
_aWorking class _zIndia _zMaharashtra _xHistory. |
|
| 906 |
_a7 _bcbc _corignew _d3 _encip _f19 _gy-gencatlg |
||
| 942 |
_2ddc _cBK _h322.20954792 _iKUD/I _k322.20954792 _mKUD/I |
||